| 000 | 00792nam a22002297a 4500 | ||
|---|---|---|---|
| 005 | 20170124110039.0 | ||
| 010 | _a727323 | ||
| 020 |
_c00.00 _a0710075545 |
||
| 035 | _a727323 | ||
| 037 | _bCen Lib/Ret | ||
| 040 |
_aDPL _bEN |
||
| 082 |
_a883.08 _bLAR |
||
| 100 |
_aLary, N. M. _923382 |
||
| 245 |
_aDostoevsky and Dickens : _cby N. M. Lary _ba study of literary influence / |
||
| 260 |
_c1973 _aLondon _bRoutledge and Kegan Paul |
||
| 270 |
_aBroadway House, 68-74 Carter Lane _bLondon |
||
| 300 |
_axiv,172p. _c20cm(Hb) |
||
| 500 | _aIncludes bibliographical references and index | ||
| 650 |
_aDostoyevsky, Fyodor, -- 1821-1881 -- Knowledge -- Literature _923383 |
||
| 650 |
_aDickens, Charles, -- 1812-1870 -- Influence _923384 |
||
| 942 |
_2ddc _cEN _h883.08 _mLAR |
||
| 999 |
_c128431 _d128431 |
||